| 000 | 00833nam a2200229Ia 4500 | ||
|---|---|---|---|
| 003 | GCL | ||
| 008 | 140319s9999 xx 000 0 ara d | ||
| 040 |
_aGCL / _cGCL |
||
| 082 | 0 | 4 |
_a953.097 _bج ا |
| 100 | 1 | _aجميل موسى النجار | |
| 245 | 1 | 0 |
_aالادارة العثمانية فى ولاية بغداد من عهد الوالى مدحت باشا الى نهاية الحكم العثمانى 1917-1869 / _cجميل موسى النجار |
| 260 |
_a[S.N] : _bمكتبة مدبولى ، _c1991 |
||
| 300 | _a531 ص | ||
| 490 | _a | ||
| 650 | 0 | 4 | _aالعالم العربى |
| 650 | 0 | 4 | _aتاريخ |
| 650 | 0 | 4 | _aالعثمانيون |
| 650 | 0 | 4 | _aالحضارة الاسلامية |
| 650 | 0 | 4 | _aبغداد |
| 650 | 0 | 4 | _aالعالم العربى - تاريخ - العصر العثمانى |
| 942 |
_2ddc _cBK |
||
| 999 |
_c56050 _d56050 |
||